| 000 | 00811 am a22001934a 4500 | ||
|---|---|---|---|
| 008 | 120219s2011 qa g 000 0 ara d | ||
| 020 | _a9789992194126 | ||
| 082 | 0 | 4 |
_a320.962 _2 21 _bف ض ل |
| 100 | 1 |
_aفضل، بلال. _923854 |
|
| 245 | 1 | 0 |
_aحتى مطلع الفجر : _b شهادتي على مصر قبيل إسقاط نظام مبارك (2010 - 2011) / _cبلال فضل. |
| 250 | _aط. 1. | ||
| 260 |
_aالدوحة : _b دار بلومزبري - مؤسسة قطر للنشر، _c2011. |
||
| 300 |
_a270 ص. ؛ _c 24 سم. |
||
| 500 | _aالجزء الثاني 2011 - 2011 | ||
| 651 | 4 |
_aمصر _x الأحوال السياسية. _932416 |
|
| 651 | 4 |
_aمصر _x تاريخ _y العصر الحديث _x حسني مبارك (1981 - 2011) _932415 |
|
| 653 |
_bAra _cFebruary2013 |
||
| 942 |
_2ddc _cBB |
||
| 999 |
_c17236 _d17208 |
||